[Event "GER-chT U14"]
[Site "Magdeburg"]
[Date "2013.12.27"]
[Round "2.2"]
[White "Roessler, Linus Benedict"]
[Black "Reimers, Juri"]
[Result "0-1"]
[WhiteElo "1497"]
[BlackElo "1843"]
[PlyCount "80"]
[EventDate "2013.12.27"]
[EventType "team-swiss"]
[EventRounds "4"]
[EventCountry "GER"]
[SourceTitle "EXT 2015"]
[Source "ChessBase"]
[SourceDate "2014.11.20"]
[SourceVersion "1"]
[SourceVersionDate "2014.11.20"]
[SourceQuality "1"]
[WhiteTeam "Magdeburg Aufbau Elbe"]
[BlackTeam "Bremen Nord"]
[WhiteTeamCountry "GER"]
[BlackTeamCountry "GER"]

1. e4 d5 2. exd5 Qxd5 3. Nc3 Qd6 4. d4 Nf6 5. Bc4 a6 6. Nf3 b5 7. Bb3 Bb7 8. Be3 e6 9. h3 Be7 10. 0-0 0-0 11. Qd2 Bxf3 12. gxf3 Nbd7 13. Bf4 Qb6 14. d5 e5 15. Bg3 Nh5 16. Bh2 Qg6+ 17. Kh1 Qf5 18. Kg2 Bg5 19. Qe2 Bf4 20. Rg1 Qg5+ 21. Kh1 Qh4 22. Kg2 Bxh2 23. Kxh2 b4 24. Rg4 Qf6 25. Rxb4 Nf4 26. Qf1 Nb6 27. Re4 Kh8 28. Rae1 Ng6 29. Qg2 Nh4 30. Rxh4 Qxh4 31. Rxe5 Qf6 32. Rg5 Rg8 33. Qg1 Qxf3 34. Rg3 Qf4 35. Kh1 Rae8 36. Kh2 Nd7 37. Ba4 Rd8 38. Qf1 Ne5 39. Qg2 Ng6 40. Qf1 Nh4 0-1

[Event "GER-chT U14"]
[Site "Magdeburg"]
[Date "2013.12.27"]
[Round "1.1"]
[White "Schaefer, Matthes"]
[Black "Reimers, Juri"]
[Result "0-1"]
[WhiteElo "1537"]
[BlackElo "1843"]
[PlyCount "94"]
[EventDate "2013.12.27"]
[EventType "team-swiss"]
[EventRounds "4"]
[EventCountry "GER"]
[SourceTitle "EXT 2015"]
[Source "ChessBase"]
[SourceDate "2014.11.20"]
[SourceVersion "1"]
[SourceVersionDate "2014.11.20"]
[SourceQuality "1"]
[WhiteTeam "Leipzig Gruen Weiss"]
[BlackTeam "Bremen Nord"]
[WhiteTeamCountry "GER"]
[BlackTeamCountry "GER"]

1. e4 g6 2. d4 Bg7 3. Nf3 c5 4. c3 cxd4 5. cxd4 d5 6. e5 Nc6 7. Bb5 Bg4 8. Be3 Rc8 9. Nc3 Bxf3 10. Qxf3 e6 11. 0-0 Nh6 12. Bxh6 Bxh6 13. Rfd1 0-0 14. a3 Ne7 15. Ne2 a6 16. Ba4 b5 17. Bb3 Nc6 18. Ba2 Na5 19. b4 Nc4 20. Nf4 Qb6 21. Rab1 Bxf4 22. Qxf4 Nxa3 23. Rb3 Nc2 24. Qh6 Qa7 25. Bb1 f5 26. Bxc2 Rxc2 27. Qe3 Rc4 28. h3 f4 29. Qd3 Qe7 30. Qd2 Qh4 31. Rf3 g5 32. Ra1 Rc6 33. Kf1 Rfc8 34. Rd1 Qh5 35. Kg1 Rc2 36. Qe1 R8c7 37. Kf1 Qh6 38. Kg1 Qg6 39. Ra3 R7c6 40. Raa1 g4 41. hxg4 Qxg4 42. Ra3 Re2 43. Qf1 Rb2 44. Rc1 Rc4 45. Rxc4 bxc4 46. Rxa6 Rxb4 47. Qa1 f3 0-1

[Event "GER-ch U25 op-A"]
[Site "Oberhof"]
[Date "2012.05.31"]
[Round "7"]
[White "Reimers, Juri"]
[Black "Becker, Dirk"]
[Result "1/2-1/2"]
[WhiteElo "1775"]
[BlackElo "1720"]
[PlyCount "55"]
[EventDate "2012.05.27"]
[EventType "swiss"]
[EventRounds "9"]
[EventCountry "GER"]
[SourceTitle "CBM 148 Extra"]
[Source "ChessBase"]
[SourceDate "2012.06.22"]
[SourceVersion "1"]
[SourceVersionDate "2012.06.22"]
[SourceQuality "1"]

1. e4 d5 2. exd5 Qxd5 3. Nf3 Nf6 4. d4 c6 5. Be2 Bg4 6. 0-0 e6 7. c4 Qd6 8. Nc3 Be7 9. Be3 0-0 10. Qb3 Qb4 11. Qxb4 Bxb4 12. Rfd1 Rd8 13. h3 Bxf3 14. Bxf3 Nbd7 15. a3 Bxc3 16. bxc3 Nb6 17. c5 Nbd5 18. c4 Nxe3 19. fxe3 Rd7 20. Rd2 Kf8 21. e4 Rc8 22. e5 Ng8 23. Kf2 Ne7 24. g4 Ke8 25. Ke3 Rcd8 26. a4 Rc8 27. a5 a6 28. Rb1 1/2-1/2

[Event "GER-ch U25 op-A"]
[Site "Oberhof"]
[Date "2012.05.29"]
[Round "5"]
[White "Reimers, Juri"]
[Black "Hoffmann, Tim"]
[Result "1/2-1/2"]
[WhiteElo "1775"]
[BlackElo "1910"]
[PlyCount "67"]
[EventDate "2012.05.27"]
[EventType "swiss"]
[EventRounds "9"]
[EventCountry "GER"]
[SourceTitle "CBM 148 Extra"]
[Source "ChessBase"]
[SourceDate "2012.06.22"]
[SourceVersion "1"]
[SourceVersionDate "2012.06.22"]
[SourceQuality "1"]

1. c4 c5 2. g3 Nc6 3. Bg2 g6 4. Nc3 Bg7 5. d3 e6 6. e4 Nge7 7. Nge2 a6 8. 0-0 0-0 9. f4 d6 10. Rb1 Rb8 11. Qe1 b5 12. b3 Qc7 13. Bb2 Nd4 14. Nd1 Nec6 15. Ne3 Nxe2+ 16. Qxe2 Nd4 17. Qd2 a5 18. g4 f5 19. gxf5 exf5 20. Nd5 Qd8 21. Kh1 Be6 22. Ne3 b4 23. Rbe1 Qh4 24. Qf2 Qxf2 25. Rxf2 Rbe8 26. Ba1 Re7 27. Bf3 Rfe8 28. Bxd4 Bxd4 29. Rfe2 Bc3 30. Rd1 Bf7 31. Rg2 Kh8 32. Re2 Bg7 33. Rde1 Bc3 34. Rd1 1/2-1/2

[Event "GER-ch U25 op-A"]
[Site "Oberhof"]
[Date "2012.05.27"]
[Round "2"]
[White "Reimers, Juri"]
[Black "Zimmermann, Christian"]
[Result "0-1"]
[WhiteElo "1775"]
[BlackElo "1936"]
[PlyCount "24"]
[EventDate "2012.05.27"]
[EventType "swiss"]
[EventRounds "9"]
[EventCountry "GER"]
[SourceTitle "CBM 148 Extra"]
[Source "ChessBase"]
[SourceDate "2012.06.22"]
[SourceVersion "1"]
[SourceVersionDate "2012.06.22"]
[SourceQuality "1"]

1. e4 c5 2. Nf3 d6 3. d4 cxd4 4. Nxd4 Nf6 5. Nc3 g6 6. Be3 Bg7 7. f3 0-0 8. Qd2 Nc6 9. Bc4 Bd7 10. 0-0-0 Rc8 11. Kb1 Nxd4 12. Qxd4 Ng4 0-1

[Event "GER-ch U12"]
[Site "Oberhof"]
[Date "2011.06.18"]
[Round "11"]
[White "Reimers, Juri"]
[Black "Gressmann, Moritz"]
[Result "1-0"]
[WhiteElo "1675"]
[BlackElo "1738"]
[PlyCount "27"]
[EventDate "2011.06.11"]
[EventType "swiss"]
[EventRounds "11"]
[EventCountry "GER"]
[SourceTitle "CBM 142 Extra"]
[Source "ChessBase"]
[SourceDate "2011.06.27"]
[SourceVersion "1"]
[SourceVersionDate "2011.06.27"]
[SourceQuality "1"]

1. e4 e5 2. Nf3 Nc6 3. d4 exd4 4. Nxd4 Bc5 5. Be3 Qf6 6. c3 Nge7 7. Bc4 Ne5 8. Be2 Qg6 9. 0-0 d6 10. f4 Qxe4 11. Bf2 Qxf4 12. Nb5 Ng4 13. Bxg4 Bxg4 14. Bxc5 1-0

[Event "GER-ch U12"]
[Site "Oberhof"]
[Date "2011.06.17"]
[Round "9"]
[White "Reimers, Juri"]
[Black "Krueger, David"]
[Result "1-0"]
[WhiteElo "1675"]
[BlackElo "1810"]
[PlyCount "81"]
[EventDate "2011.06.11"]
[EventType "swiss"]
[EventRounds "11"]
[EventCountry "GER"]
[SourceTitle "CBM 142 Extra"]
[Source "ChessBase"]
[SourceDate "2011.06.27"]
[SourceVersion "1"]
[SourceVersionDate "2011.06.27"]
[SourceQuality "1"]

1. e4 e5 2. Nf3 Nc6 3. d4 exd4 4. Nxd4 Bb4+ 5. c3 Bc5 6. Be3 Bb6 7. Bc4 Nf6 8. 0-0 0-0 9. Nd2 d6 10. Qc2 Re8 11. f3 Nd7 12. Bf2 Nde5 13. Bd5 Ne7 14. Bh4 Be6 15. Bxb7 Rb8 16. Ba6 N5c6 17. Bf2 Bxd4 18. Bxd4 Nxd4 19. cxd4 c6 20. Nb3 Qb6 21. Bc4 d5 22. exd5 Nxd5 23. Rfe1 a5 24. Bxd5 cxd5 25. Rab1 g6 26. Qc5 Qxc5 27. dxc5 Bf5 28. Rxe8+ Rxe8 29. Rd1 Re2 30. Rd2 Re1+ 31. Kf2 Rh1 32. Rxd5 a4 33. Nd4 Bb1 34. Ne2 Bxa2 35. Rd6 Rb1 36. c6 Rxb2 37. c7 Be6 38. Rxe6 fxe6 39. c8Q+ Kf7 40. Qd7+ Kf8 41. Qxa4 1-0

[Event "GER-ch U12"]
[Site "Oberhof"]
[Date "2011.06.16"]
[Round "8"]
[White "Perske, Thore"]
[Black "Reimers, Juri"]
[Result "1-0"]
[WhiteElo "1830"]
[BlackElo "1675"]
[PlyCount "169"]
[EventDate "2011.06.11"]
[EventType "swiss"]
[EventRounds "11"]
[EventCountry "GER"]
[SourceTitle "CBM 142 Extra"]
[Source "ChessBase"]
[SourceDate "2011.06.27"]
[SourceVersion "1"]
[SourceVersionDate "2011.06.27"]
[SourceQuality "1"]

1. e4 d5 2. exd5 Qxd5 3. Nc3 Qd6 4. d4 Nf6 5. Bc4 a6 6. Nge2 b5 7. Bb3 e6 8. Bf4 Qb6 9. Qd3 Bb7 10. d5 c5 11. dxc6 Nxc6 12. 0-0 Bc5 13. Qh3 0-0 14. Bg5 Be7 15. Rad1 Rad8 16. Rxd8 Rxd8 17. Bxe6 fxe6 18. Qxe6+ Kf8 19. Bxf6 Bxf6 20. Nd5 Rxd5 21. Qxd5 Nd4 22. Qh5 Qc6 23. Nf4 g5 24. Qh6+ Kg8 25. Qh3 gxf4 26. Qg4+ Kf8 27. Re1 Nf3+ 28. Qxf3 Qxf3 29. gxf3 Kf7 30. c3 Bxf3 31. Ra1 a5 32. Rc1 a4 33. c4 b4 34. b3 axb3 35. axb3 Be2 36. Kg2 Bg5 37. f3 Bf6 38. Kf2 Bd3 39. Kg2 Bf5 40. Kf2 Bb2 41. Rd1 Bc3 42. Rc1 Bd2 43. Rd1 Be3+ 44. Ke2 Bc2 45. Rd7+ Kg6 46. Rb7 Bc5 47. Rb5 Be7 48. Rb7 Kf6 49. c5 Bxb3 50. Rxb4 Be6 51. Rxf4+ Ke5 52. Re4+ Kd5 53. c6 Bd6 54. Rh4 Bf5 55. Rh5 Ke6 56. Kf2 Bg6 57. Rh4 Kd5 58. Kg2 Kxc6 59. Ra4 Kd5 60. f4 Ke6 61. Kg3 Kf5 62. h3 Bb8 63. Ra5+ Ke4 64. Ra4+ Kf5 65. Kf3 Bh5+ 66. Ke3 Bg6 67. Ra5+ Ke6 68. Kf3 Bf5 69. Kg3 Bd6 70. Ra2 Bg6 71. Ra5 Bf5 72. Rb5 Be7 73. Rb7 Bd6 74. Rg7 Bf8 75. Ra7 Bd6 76. Ra6 Kd5 77. Ra4 Ke6 78. Ra2 Kd5 79. Re2 Bb8 80. h4 h5 81. Re8 Bd6 82. Rd8 Ke6 83. Rh8 Bg4 84. Rh6+ Ke7 85. Rg6 1-0

[Event "GER-ch U12"]
[Site "Oberhof"]
[Date "2011.06.13"]
[Round "3"]
[White "Reimers, Juri"]
[Black "Bloesch, Christoph"]
[Result "1/2-1/2"]
[WhiteElo "1675"]
[BlackElo "1504"]
[PlyCount "61"]
[EventDate "2011.06.11"]
[EventType "swiss"]
[EventRounds "11"]
[EventCountry "GER"]
[SourceTitle "CBM 142 Extra"]
[Source "ChessBase"]
[SourceDate "2011.06.27"]
[SourceVersion "1"]
[SourceVersionDate "2011.06.27"]
[SourceQuality "1"]

1. e4 e5 2. Nf3 Nf6 3. d4 Nxe4 4. Bd3 d5 5. dxe5 Nc5 6. Nc3 Nxd3+ 7. Qxd3 c6 8. Bf4 Bc5 9. 0-0-0 Be6 10. h4 Nd7 11. Ne2 Qb6 12. Ned4 0-0-0 13. c3 Bxd4 14. Nxd4 Nc5 15. Qc2 Rdf8 16. Be3 Qa6 17. Kb1 Kb8 18. h5 Nd7 19. f4 Bg4 20. Rde1 g6 21. hxg6 hxg6 22. Rxh8 Rxh8 23. Ka1 Nc5 24. Nb3 Nxb3+ 25. Qxb3 Qe2 26. Bxa7+ Kxa7 27. Rg1 Qf2 28. Rb1 Qxg2 29. Qa3+ Kb8 30. Qd6+ Kc8 31. Qa3 1/2-1/2

[Event "Lippe Cup-B 07th"]
[Site "Lieme"]
[Date "2010.10.16"]
[Round "3"]
[White "Reimers, Juri"]
[Black "Theurich, Joel"]
[Result "0-1"]
[WhiteElo "1574"]
[BlackElo "1408"]
[PlyCount "53"]
[EventDate "2010.10.15"]
[EventType "swiss"]
[EventRounds "5"]
[EventCountry "GER"]
[SourceTitle "EXT 2012"]
[Source "ChessBase"]
[SourceDate "2011.11.24"]
[SourceVersion "1"]
[SourceVersionDate "2011.11.24"]
[SourceQuality "1"]

1. e4 e5 2. Nf3 Nc6 3. d4 exd4 4. Nxd4 Qh4 5. Nc3 Bb4 6. Ndb5 Qxe4+ 7. Be2 Qe5 8. 0-0 Bxc3 9. bxc3 Nge7 10. Re1 Kd8 11. Bf3 Qxb5 12. Ba3 Re8 13. Rb1 Qg5 14. Qd3 Qg6 15. Be4 f5 16. Bf3 d6 17. Qe2 Qf7 18. Qd2 Rb8 19. Bxd6 cxd6 20. Qxd6+ Bd7 21. Rbd1 Nc8 22. Rxe8+ Qxe8 23. Qf4 Qe5 24. Qh4+ N8e7 25. c4 Qf6 26. Qf4 Qe5 27. Qh4 0-1

[Event "Lippe Cup-B 07th"]
[Site "Lieme"]
[Date "2010.10.15"]
[Round "1"]
[White "Reimers, Juri"]
[Black "Schirra, Maurice"]
[Result "1-0"]
[WhiteElo "1574"]
[BlackElo "1187"]
[PlyCount "93"]
[EventDate "2010.10.15"]
[EventType "swiss"]
[EventRounds "5"]
[EventCountry "GER"]
[SourceTitle "EXT 2012"]
[Source "ChessBase"]
[SourceDate "2011.11.24"]
[SourceVersion "1"]
[SourceVersionDate "2011.11.24"]
[SourceQuality "1"]

1. e4 e5 2. Nf3 Nf6 3. d4 Nxe4 4. dxe5 Nc6 5. Bc4 Nc5 6. 0-0 Be7 7. Be3 0-0 8. Nc3 Ne6 9. Qe2 Bc5 10. Bxc5 Nxc5 11. Rad1 b6 12. Ne4 Nxe4 13. Qxe4 Bb7 14. Qg4 Bc8 15. e6 Qf6 16. exf7+ Kh8 17. Qg3 d6 18. c3 Nd8 19. Ng5 h6 20. Ne4 Qf5 21. Bd5 Bb7 22. Bxb7 Nxb7 23. f3 Qxf7 24. a3 Na5 25. Rfe1 Nc4 26. Qf2 Ne5 27. Re2 Qg6 28. Qg3 Qxg3 29. hxg3 Rae8 30. f4 Nd7 31. Rde1 Kg8 32. b4 Rd8 33. Nd2 Nf6 34. Ne4 Nd7 35. c4 Rf5 36. Nc3 Kf8 37. Nb5 Rc8 38. Nxa7 Ra8 39. Nb5 Rc8 40. Nd4 Rf7 41. Nb5 Nf6 42. Nd4 Re8 43. Rxe8+ Nxe8 44. Ne6+ Kg8 45. Nd8 Rf8 46. Re7 g6 47. Ne6 1-0

[Event "GER-ch U12"]
[Site "Oberhof"]
[Date "2010.05.26"]
[Round "7"]
[White "Fluechter, Gregor"]
[Black "Reimers, Juri"]
[Result "1/2-1/2"]
[WhiteElo "1721"]
[BlackElo "1688"]
[PlyCount "64"]
[EventDate "2010.05.22"]
[EventType "swiss"]
[EventRounds "11"]
[EventCountry "GER"]
[SourceTitle "CBM 136 Extra"]
[Source "ChessBase"]
[SourceDate "2010.07.02"]
[SourceVersion "2"]
[SourceVersionDate "2010.07.15"]
[SourceQuality "1"]

1. e4 d5 2. exd5 Qxd5 3. Nc3 Qd6 4. d4 Nf6 5. Nf3 a6 6. Be2 b5 7. 0-0 e6 8. Ne5 Bb7 9. Bf4 Qb6 10. Be3 c5 11. Qd2 Qc7 12. Rfd1 Bd6 13. Bf4 0-0 14. Bg3 h6 15. Nf3 Bxg3 16. fxg3 Rd8 17. Qe1 Nbd7 18. dxc5 Nxc5 19. Rxd8+ Rxd8 20. Rd1 Nce4 21. Nxe4 Nxe4 22. Rxd8+ Qxd8 23. Bd3 Qd5 24. g4 Ng5 25. Qg3 Qc5+ 26. Kh1 Nxf3 27. gxf3 e5 28. h4 Qe3 29. Kg2 g6 30. Qf2 Qf4 31. Qg3 Qe3 32. Qf2 Qf4 1/2-1/2

[Event "GER-ch U10"]
[Site "Willingen"]
[Date "2009.06.06"]
[Round "11"]
[White "Reimers, Juri"]
[Black "Gungl, Theo"]
[Result "1-0"]
[WhiteElo "1503"]
[BlackElo "1681"]
[PlyCount "55"]
[EventDate "2009.05.30"]
[EventType "swiss"]
[EventRounds "11"]
[EventCountry "GER"]
[SourceTitle "EXT 2010"]
[Source "ChessBase"]
[SourceDate "2010.11.25"]
[SourceVersion "1"]
[SourceVersionDate "2010.11.25"]
[SourceQuality "1"]

1. e4 c6 2. Nf3 d5 3. exd5 cxd5 4. Ne5 Nf6 5. Bb5+ Nbd7 6. d4 a6 7. Bd3 Nxe5 8. dxe5 Nd7 9. e6 Nf6 10. exf7+ Kxf7 11. 0-0 e6 12. Bf4 Bc5 13. Nd2 Re8 14. Nf3 Kg8 15. c3 a5 16. Qd2 Qe7 17. Rfe1 Qf8 18. Bg3 Bd7 19. Qc2 Rac8 20. Qd2 b5 21. Ne5 b4 22. c4 Rcd8 23. Qc2 Rc8 24. Nxd7 Nxd7 25. Bxh7+ Kh8 26. Bg6 Red8 27. Qe2 dxc4 28. Qh5+ 1-0

[Event "GER-ch U10"]
[Site "Willingen"]
[Date "2009.06.04"]
[Round "8"]
[White "Schulte, Felix"]
[Black "Reimers, Juri"]
[Result "0-1"]
[WhiteElo "1179"]
[BlackElo "1503"]
[PlyCount "50"]
[EventDate "2009.05.30"]
[EventType "swiss"]
[EventRounds "11"]
[EventCountry "GER"]
[SourceTitle "EXT 2010"]
[Source "ChessBase"]
[SourceDate "2010.11.25"]
[SourceVersion "1"]
[SourceVersionDate "2010.11.25"]
[SourceQuality "1"]

1. e4 d5 2. exd5 Qxd5 3. Nc3 Qa5 4. Nf3 Nf6 5. d4 c6 6. Bd3 Qc7 7. Be3 Bg4 8. h3 Bh5 9. Qd2 Bxf3 10. gxf3 e6 11. 0-0-0 Nbd7 12. Rdg1 g6 13. Kb1 0-0-0 14. Ne4 Nxe4 15. fxe4 Bg7 16. f4 Kb8 17. h4 f5 18. exf5 exf5 19. Bxf5 Nb6 20. Bh3 Nc4 21. Qd3 Nxe3 22. Qxe3 Bxd4 23. Qb3 Bxg1 24. Rxg1 Qxf4 25. Bg2 Qf2 0-1

[Event "GER-ch U10"]
[Site "Willingen"]
[Date "2009.05.30"]
[Round "1"]
[White "Reimers, Juri"]
[Black "Berdin, Victoria"]
[Result "1-0"]
[WhiteElo "1503"]
[BlackElo "1137"]
[PlyCount "71"]
[EventDate "2009.05.30"]
[EventType "swiss"]
[EventRounds "11"]
[EventCountry "GER"]
[SourceTitle "EXT 2010"]
[Source "ChessBase"]
[SourceDate "2010.11.25"]
[SourceVersion "1"]
[SourceVersionDate "2010.11.25"]
[SourceQuality "1"]

1. e4 e5 2. Nf3 d6 3. d4 exd4 4. Nxd4 Nc6 5. Bb5 Bd7 6. 0-0 Be7 7. Nc3 Nf6 8. Nxc6 Bxc6 9. Bxc6+ bxc6 10. Be3 0-0 11. Bd4 Qd7 12. e5 Nd5 13. exd6 Nxc3 14. Bxc3 cxd6 15. Qd4 Bf6 16. Qd3 Bxc3 17. Qxc3 Rfe8 18. Rad1 Rab8 19. b3 Rb5 20. Rfe1 Rxe1+ 21. Qxe1 Re5 22. Qxe5 dxe5 23. Rxd7 f6 24. Rxa7 Kf8 25. a4 Ke8 26. a5 Kd8 27. Rb7 Kc8 28. a6 g5 29. Rb4 Kc7 30. a7 Kc8 31. a8Q+ Kc7 32. Qb8+ Kd7 33. Rb7+ Ke6 34. Qc7 Kf5 35. Qd7+ Kg6 36. Qxh7# 1-0

[Event "GER-ch U10"]
[Site "Willingen"]
[Date "2008.05.11"]
[Round "8"]
[White "Reimers, Juri"]
[Black "Mager, Denis"]
[Result "1/2-1/2"]
[WhiteElo "1207"]
[BlackElo "1145"]
[PlyCount "80"]
[EventDate "2008.05.11"]
[EventType "swiss"]
[EventRounds "11"]
[EventCountry "GER"]
[SourceTitle "CBM 124 Extra"]
[Source "ChessBase"]
[SourceDate "2008.07.03"]
[SourceVersion "1"]
[SourceVersionDate "2008.07.03"]
[SourceQuality "1"]

1. e4 e5 2. Nf3 Nc6 3. Bc4 Nf6 4. Nc3 Bc5 5. 0-0 0-0 6. d3 d6 7. Bg5 h6 8. Be3 Bb6 9. Bxb6 axb6 10. h3 Be6 11. Bb3 Na5 12. Bxe6 fxe6 13. Re1 Nc6 14. Qd2 Nd4 15. Nxd4 exd4 16. Ne2 e5 17. Rf1 c5 18. f4 Nd7 19. Ng3 Qe7 20. f5 Nf6 21. b3 b5 22. c4 b4 23. Qb2 Ra6 24. a3 bxa3 25. Rxa3 Rfa8 26. Rfa1 Qf7 27. b4 Qc7 28. b5 Rxa3 29. Rxa3 Rxa3 30. Qxa3 Kh7 31. Qa7 Ne8 32. Kf2 b6 33. Qxc7 Nxc7 34. Kf3 Kg8 35. Nh5 Ne8 36. g4 Nf6 37. Nxf6+ gxf6 38. h4 Kg7 39. g5 h5 40. Kg3 Kf7 1/2-1/2

[Event "GER-ch U10"]
[Site "Willingen"]
[Date "2008.05.11"]
[Round "5"]
[White "Srokovskiy, Andrea"]
[Black "Reimers, Juri"]
[Result "1-0"]
[WhiteElo "1528"]
[BlackElo "1207"]
[PlyCount "88"]
[EventDate "2008.05.11"]
[EventType "swiss"]
[EventRounds "11"]
[EventCountry "GER"]
[SourceTitle "CBM 124 Extra"]
[Source "ChessBase"]
[SourceDate "2008.07.03"]
[SourceVersion "1"]
[SourceVersionDate "2008.07.03"]
[SourceQuality "1"]

1. e4 c6 2. Nc3 d5 3. exd5 cxd5 4. d4 Nc6 5. Nf3 Nf6 6. Bf4 e6 7. Nb5 Nh5 8. Bd2 a6 9. Nc3 Bd6 10. Bd3 Nf4 11. Bxf4 Bxf4 12. Ne2 Bd6 13. 0-0 0-0 14. c3 Qc7 15. h3 Bd7 16. Ng5 h6 17. Nf3 b5 18. Qb3 Na5 19. Qc2 Nc4 20. Nh4 Rfc8 21. a3 Rab8 22. Ra2 Rb7 23. Qd1 Qc6 24. Ng3 Bxg3 25. b3 Bxh4 26. bxc4 bxc4 27. Bc2 Rcb8 28. Qe2 Rb2 29. Rxb2 Rxb2 30. Bh7+ Kxh7 31. Qxb2 Be7 32. Rb1 Qb5 33. Qc2+ g6 34. Rxb5 Bxb5 35. a4 Bc6 36. Qb2 Bxa4 37. Qb7 Bb5 38. Qxe7 Kg8 39. Qa7 Kg7 40. f4 Kf8 41. g4 g5 42. f5 a5 43. Qc5+ Kg7 44. Qxb5 exf5 1-0

[Event "GER-ch U10"]
[Site "Willingen"]
[Date "2008.05.11"]
[Round "3"]
[White "Wanner, Lukas"]
[Black "Reimers, Juri"]
[Result "1/2-1/2"]
[WhiteElo "1001"]
[BlackElo "1207"]
[PlyCount "100"]
[EventDate "2008.05.11"]
[EventType "swiss"]
[EventRounds "11"]
[EventCountry "GER"]
[SourceTitle "CBM 124 Extra"]
[Source "ChessBase"]
[SourceDate "2008.07.03"]
[SourceVersion "1"]
[SourceVersionDate "2008.07.03"]
[SourceQuality "1"]

1. d4 Nf6 2. c4 g6 3. Nc3 Bg7 4. e4 d6 5. e5 dxe5 6. dxe5 Qxd1+ 7. Nxd1 Nfd7 8. f4 e6 9. Nf3 0-0 10. h4 h5 11. Ne3 Nc6 12. g4 hxg4 13. Nxg4 b6 14. h5 gxh5 15. Rxh5 Bb7 16. Rg5 f6 17. exf6 Nxf6 18. Nxf6+ Rxf6 19. b3 Nb4 20. Kf2 Rf5 21. Rxf5 exf5 22. Ne5 Nc6 23. Bb2 Re8 24. Nd3 Bxb2 25. Nxb2 Re4 26. Nd3 Nd4 27. Re1 Rxe1 28. Kxe1 Ne6 29. Kf2 Kf7 30. Kg3 Kg6 31. Bh3 Kf6 32. Ne5 Nd4 33. Kf2 Nc6 34. Nxc6 Bxc6 35. Bg2 Bxg2 36. Kxg2 Kg6 37. Kh3 Kh5 38. Kg3 a6 39. b4 c5 40. bxc5 bxc5 41. a4 a5 42. Kh3 Kg6 43. Kh4 Kh6 44. Kg3 Kh5 45. Kh3 Kg6 46. Kh4 Kh6 47. Kg3 Kh5 48. Kh3 Kg6 49. Kh4 Kh6 50. Kg3 Kh5 1/2-1/2

[Event "Niedersachsen-ch"]
[Site "Verden"]
[Date "2008.01.04"]
[Round "4"]
[White "Braun, Alexander"]
[Black "Reimers, Juri"]
[Result "1-0"]
[WhiteElo "1577"]
[BlackElo "1140"]
[PlyCount "76"]
[EventDate "2008.01.03"]
[EventType "swiss"]
[EventRounds "7"]
[EventCountry "GER"]
[SourceTitle "EXT 2010"]
[Source "ChessBase"]
[SourceDate "2010.11.25"]
[SourceVersion "1"]
[SourceVersionDate "2010.11.25"]
[SourceQuality "1"]

1. d4 Nf6 2. c4 g6 3. Nc3 Bg7 4. e4 d6 5. Be2 0-0 6. g4 Nc6 7. g5 Nd7 8. Be3 e5 9. d5 Ne7 10. h4 Nb6 11. Qd2 Bd7 12. a4 a5 13. h5 Nbc8 14. f4 exf4 15. Bxf4 Ra7 16. Be3 Ra8 17. Bf3 Bh8 18. hxg6 fxg6 19. Bd4 Bxd4 20. Qxd4 c5 21. Qd2 Rf7 22. Qh2 Qf8 23. 0-0-0 Nb6 24. Be2 Nxa4 25. Nxa4 Bxa4 26. Re1 Bb3 27. Nf3 a4 28. e5 a3 29. bxa3 dxe5 30. Nxe5 Rg7 31. Kb2 Qe8 32. Bg4 Qa4 33. Be6+ Kh8 34. Ra1 b5 35. Nf7+ Kg8 36. Nd6+ Kh8 37. Qe5 h5 38. gxh6 Nf5 1-0

[Event "Niedersachsen-ch"]
[Site "Verden"]
[Date "2008.01.03"]
[Round "2"]
[White "Imelmann, Esther"]
[Black "Reimers, Juri"]
[Result "1-0"]
[WhiteElo "1613"]
[BlackElo "1140"]
[PlyCount "49"]
[EventDate "2008.01.03"]
[EventType "swiss"]
[EventRounds "7"]
[EventCountry "GER"]
[SourceTitle "EXT 2010"]
[Source "ChessBase"]
[SourceDate "2010.11.25"]
[SourceVersion "1"]
[SourceVersionDate "2010.11.25"]
[SourceQuality "1"]

1. d4 f5 2. c4 Nf6 3. Nc3 e6 4. g3 Be7 5. Bg2 0-0 6. Nf3 b6 7. Ne5 d5 8. 0-0 Nbd7 9. Nc6 Qe8 10. cxd5 exd5 11. Nxe7+ Qxe7 12. Nxd5 Nxd5 13. Bxd5+ Kh8 14. Bxa8 Ba6 15. Bf3 Re8 16. Be3 g5 17. Qc2 f4 18. gxf4 gxf4 19. Bxf4 Rg8+ 20. Bg3 Qh4 21. Qxc7 Qh3 22. Bg2 Qe6 23. Be5+ Nxe5 24. Qxe5+ Qxe5 25. dxe5 1-0

[Event "Niedersachsen-ch"]
[Site "Verden"]
[Date "2008.01.03"]
[Round "1"]
[White "Reimers, Juri"]
[Black "Soelken, Hagen"]
[Result "0-1"]
[WhiteElo "1140"]
[BlackElo "1754"]
[PlyCount "62"]
[EventDate "2008.01.03"]
[EventType "swiss"]
[EventRounds "7"]
[EventCountry "GER"]
[SourceTitle "EXT 2010"]
[Source "ChessBase"]
[SourceDate "2010.11.25"]
[SourceVersion "1"]
[SourceVersionDate "2010.11.25"]
[SourceQuality "1"]

1. e4 c5 2. Bc4 e6 3. d3 d6 4. Nc3 Nf6 5. Bg5 Be7 6. Nge2 Nc6 7. 0-0 0-0 8. Qd2 a6 9. a4 b6 10. f4 h6 11. Bh4 Nxe4 12. dxe4 Bxh4 13. Rf3 Bf6 14. f5 Ne5 15. Bb3 Nxf3+ 16. gxf3 exf5 17. exf5 Bxf5 18. Kf2 Bh4+ 19. Ng3 Bxg3+ 20. hxg3 Qg5 21. f4 Qg4 22. Rh1 Be6 23. Ne4 Bxb3 24. Qd3 Bxc2 25. Qxc2 Qf5 26. g4 Qxf4+ 27. Kg2 Qxg4+ 28. Kf1 Qf5+ 29. Kg2 d5 30. Rf1 Qxe4+ 31. Qxe4 dxe4 0-1